000 00880nam a2200277 a 4500
001 000028269
003 DO-SdBNP
005 20180212101420.0
007 000028269
008 110407s2010 dr a 000 j spa d
020 _a9789945163759
040 _aBPMSU
_bspa
_cBPMSU
092 _axxxx
_bL865
100 1 _aLora, Frani
245 1 3 _aEl lokito meneíto y sus aventuras :
_bcuentos para quisqueya y el mundo /
_cFrani Lora.
260 _aSanto Domingo :
_bDragón Editorial,
_c2010.
300 _a206 p. :
_bil. ;
_c22 cm.
500 _aUna audaz descripció de la realidad social
500 _aIncluye datos biográficos del autor en la solapa de la cubierta
930 1 _l
_m
_8
_f
_p
_g
942 _2ddc
_cBK
945 _aTitulo remanejado para la BNPHU
956 _a
_b
_c
_l
_h
956 _a
_b
_c
_l
_h
956 _aVMATEO
_b10
_c20150908
_lBPMSU
_h00151
999 _c7495
_d7495